<?xml version="1.0" encoding="UTF-8"?>
<record
    xmlns:xsi="http://www.w3.org/2001/XMLSchema-instance"
    xsi:schemaLocation="http://www.loc.gov/MARC21/slim http://www.loc.gov/standards/marcxml/schema/MARC21slim.xsd"
    xmlns="http://www.loc.gov/MARC21/slim">

  <leader>01261nam a2200253 a 4500</leader>
  <controlfield tag="001">BRCA_2046</controlfield>
  <controlfield tag="005">20190320203640.0</controlfield>
  <controlfield tag="008">010808s1993----sp-#---###---#000-0#spa-#</controlfield>
  <datafield tag="020" ind1=" " ind2=" ">
    <subfield code="a">8488716028</subfield>
  </datafield>
  <datafield tag="020" ind1=" " ind2=" ">
    <subfield code="a">8476351364</subfield>
  </datafield>
  <datafield tag="050" ind1=" " ind2="4">
    <subfield code="a">Z694</subfield>
    <subfield code="b">.I83 1993</subfield>
  </datafield>
  <datafield tag="245" ind1="1" ind2="0">
    <subfield code="a">ISBD (A)</subfield>
    <subfield code="b">descripci&#xF3;n bibliogr&#xE1;fica internacional normalizada para publicaciones monogr&#xE1;ficas antiguas</subfield>
    <subfield code="c">traducci&#xF3;n Ana Baltar G&#xF3;mez, Fabiola Labella Rivas, Luis Vill&#xE9;n Rueda ; revisada por Mar&#xED;a Jes&#xFA;s L&#xF3;pez Bernaldo de Quir&#xF3;s, Mar&#xED;a Pilar Pal&#xE1; Gas&#xF3;s.</subfield>
  </datafield>
  <datafield tag="250" ind1=" " ind2=" ">
    <subfield code="a">2</subfield>
  </datafield>
  <datafield tag="260" ind1=" " ind2=" ">
    <subfield code="a">Madrid</subfield>
    <subfield code="b">ANABAD : Arco/Libros</subfield>
    <subfield code="c">1993</subfield>
  </datafield>
  <datafield tag="300" ind1=" " ind2=" ">
    <subfield code="a">xiv, 120 p.</subfield>
    <subfield code="c">24 cm.</subfield>
  </datafield>
  <datafield tag="500" ind1=" " ind2=" ">
    <subfield code="a">Edici&#xF3;n recomendada por el Grupo de Estudio sobre la Descripci&#xF3;n Bibliogr&#xE1;fica Internacional Normalizada para Publicaciones Monogr&#xE1;ficas Antiguas. Aprobada por los Comit&#xE9;s Permanentes de la Secci&#xF3;n de Catalogaci&#xF3;n de la IFLA y de la Secci&#xF3;n de Libros raros y Manuscritos de la IFLA</subfield>
  </datafield>
  <datafield tag="500" ind1=" " ind2=" ">
    <subfield code="a">Incluye &#xED;ndice alfab&#xE9;tico</subfield>
  </datafield>
  <datafield tag="650" ind1="1" ind2="4">
    <subfield code="a">Catalogaci&#xF3;n descriptiva</subfield>
    <subfield code="9">6244</subfield>
  </datafield>
  <datafield tag="650" ind1="1" ind2="4">
    <subfield code="a">Libros impresos antiguos</subfield>
    <subfield code="x">Catalogaci&#xF3;n</subfield>
    <subfield code="9">6245</subfield>
  </datafield>
  <datafield tag="700" ind1="1" ind2=" ">
    <subfield code="a">Baltar G&#xF3;mez, Ana</subfield>
    <subfield code="9">6246</subfield>
  </datafield>
  <datafield tag="700" ind1="1" ind2=" ">
    <subfield code="a">Labella Rivas, Fabiola</subfield>
    <subfield code="9">6247</subfield>
  </datafield>
  <datafield tag="700" ind1="1" ind2=" ">
    <subfield code="a">L&#xF3;pez Bernaldo de Quir&#xF3;s, Mar&#xED;a Jes&#xFA;s</subfield>
    <subfield code="9">6248</subfield>
  </datafield>
  <datafield tag="942" ind1=" " ind2=" ">
    <subfield code="2">lcc</subfield>
    <subfield code="c">B</subfield>
  </datafield>
  <datafield tag="999" ind1=" " ind2=" ">
    <subfield code="c">1811</subfield>
    <subfield code="d">1811</subfield>
  </datafield>
  <datafield tag="952" ind1=" " ind2=" ">
    <subfield code="0">0</subfield>
    <subfield code="1">0</subfield>
    <subfield code="4">0</subfield>
    <subfield code="7">0</subfield>
    <subfield code="a">BRCA</subfield>
    <subfield code="b">BRCA</subfield>
    <subfield code="d">2008-08-01</subfield>
    <subfield code="l">0</subfield>
    <subfield code="o">Z694 .I83 1993</subfield>
    <subfield code="p">00461</subfield>
    <subfield code="r">2019-03-22 00:00:00</subfield>
    <subfield code="w">2019-03-22</subfield>
    <subfield code="y">B</subfield>
  </datafield>
</record>
